LEADER 00919nas a2200205 4500 001 000000347414 003 CaOOAMICUS 005 20221212110002.0 008 210825c20209999it uu 0 0ita r 040 $aSeMil$bita 110 2 $aArcidiocesi di Milano : Formazione Permanente del Clero.$0(OLS)http://semarc/name/70755 245 10$aPreti per domani$h[generale di collana]. 264 1$aMilano :$bCentro Ambrosiano,$c2020- 300 $av. ;$c21 cm 830 0$aPreti per domani.$0(OLS)http://semarc/title/430756 850 $aSeMil 852 $aSeMil$W1$xVenegono$y1$mVedi "Titolo uniforme di collana" per le collocazioni dei singoli volumi$j222888$qSottoscrizione aperta$B238488$CSeMilBibl$Z2$F238488 $81 996 $6245$aPreti per domani$h[generale di collana]$9(OLS)http://semarc/title/436688 996 $6264$aMilano :$bCentro Ambrosiano$9(OLS)http://semarc/publisher/29766 LEADER 00972nam a2200241 i 4500 001 000000118634 003 CaOOAMICUS 005 20031006000000.0 008 031006n it u000 u ita u 013 $a91327 040 $aSeMil$bita 100 1 $aConvertini, Maria E.$0(OLS)http://semarc/name/49510 245 10$aRosa Gattorno :$buna madre /$cMaria E. Convertini. 260 $aRoma :$bCasa Generalizia, Figlie di S. Anna,$c[1987?] 300 $a144 p. ;$c22 cm. 500 $aContiene : Bibliografia. - Fondo Card. C.M. Martini. 600 14$aGattorno, Anna Rosa .$0(OLS)http://semarc/subject/11831 850 $aSeMil 852 $aSeMil$W1$xVenegono$y1$m3H III 74$j73928$B73928$CSeMilBibl$Z2$F90643 $81 941 1 $a4 961 $aOmaggio: Martini Card. Carlo Maria 996 $6245$aRosa Gattorno :$buna madre$9(OLS)http://semarc/title/174295 996 $6260$aRoma :$bCasa Generalizia, Figlie di S. Anna$9(OLS)http://semarc/publisher/36055